[Event "ch-Arab"]
[Site "Dubai UAE"]
[Date "2004.08.04"]
[Round "2"]
[White "Ihsan,J"]
[Black "Saleh,Nab"]
[Result "1-0"]
[WhiteElo "2195"]
[BlackElo "2301"]

1.c4 c6 2.Qa4 Nf6 3.Nc3 d5 4.cxd5 Nxd5 5.Nxd5 Qxd5 6.Nf3 g6 7.e4 Qd8 8.d4 Bg7
9.Be2 O-O 10.O-O Nd7 11.Rd1 Qc7 12.Qc2 b6 13.Bg5 e6 14.Rac1 Bb7 15.b4 Rac8
16.Qa4 Qb8 17.Qb3 Nf6 18.Nd2 e5 19.Qf3 Nd7 20.Qh3 Nf6 21.Qh4 Nd7 22.Nc4 exd4
23.Be7 Rce8 24.Nd6 Ne5 25.Bxf8 Rxf8 26.Nxb7 Qxb7 27.f4 Nd7 28.e5 c5 29.Bf3 Qc8
30.Rxd4 Nb8 31.bxc5 bxc5 32.Rdc4 Nd7 33.Bg4 Qb7 34.Qe7  1-0

[Event "It"]
[Site "Charleroi BEL"]
[Date "2004.08.05"]
[Round "7"]
[White "Le Quang,K"]
[Black "Cappon,J"]
[Result "1/2-1/2"]
[WhiteElo "2271"]
[BlackElo "2198"]

1.c4 c6 2.Nf3 Nf6 3.g3 d5 4.b3 Bf5 5.Bg2 Nbd7 6.Bb2 e6 7.O-O Bd6 8.d3 e5
9.e4 Bg4 10.cxd5 cxd5 11.exd5 Nxd5 12.Nbd2 O-O 13.Nc4 Bc7 14.Qd2 Re8 15.a4 Nc5  1/2-1/2

[Event "Open"]
[Site "Kavala GRE"]
[Date "2004.08.05"]
[Round "7"]
[White "Skembris,S"]
[Black "Kokolias,K"]
[Result "1-0"]
[WhiteElo "2434"]
[BlackElo "2200"]

1.c4 c6 2.e4 d5 3.exd5 cxd5 4.cxd5 Nf6 5.Bb5+ Nbd7 6.Nc3 g6 7.Nf3 Bg7 8.O-O O-O
9.d6 exd6 10.d4 Nb6 11.h3 a6 12.Bd3 h6 13.Re1 Bd7 14.d5 Re8 15.Rxe8+ Qxe8
16.Qb3 Na4 17.Nxa4 Bxa4 18.Qxb7 Rb8 19.Qxa6 Nxd5 20.Qxd6 Nb4 21.Bf4 Rd8 22.Qxb4 Rxd3
23.Re1 Rd1 24.b3 Rxe1+ 25.Qxe1 Qxe1+ 26.Nxe1 Bc6 27.f3 Bd4+ 28.Kh2 h5 29.Nc2 Bc5
30.Be3 Bd6+ 31.Kg1 Kf8 32.Kf2 Ke7 33.Nd4 Bd5 34.Ke2 Kd7 35.Kd3 Be5 36.Kc3 Kc7
37.a4 f5 38.Kc2 f4 39.Nb5+ Kb7 40.Bd4 Bb8 41.Nc3 Be6 42.Ne4 Kc6 43.Kc3 Bc7
44.b4 Kd5 45.Nf6+ Kc6 46.b5+ Kb7 47.Kb4 Bf5 48.Ne4 Bxe4 49.fxe4 g5 50.a5 g4
51.a6+ Ka8 52.hxg4 hxg4  1-0

[Event "15th ch-NATO"]
[Site "The Hague NED"]
[Date "2004.08.09"]
[Round "2"]
[White "Falbo,S"]
[Black "L'Henoret,T"]
[Result "1/2-1/2"]
[WhiteElo "2204"]
[BlackElo "2094"]

1.c4 c6 2.d4 d5 3.Nf3 Nf6 4.Nc3 e6 5.cxd5 exd5 6.Bg5 Nbd7 7.e3 Bd6 8.Bd3 O-O
9.O-O Re8 10.Qc2 Nf8 11.Rab1 Bg4 12.Nd2 Bh5 13.Bh4 Bxh2+ 14.Kxh2 Ng4+ 15.Kh3 g5
16.Bf5 Nh6 17.Bg3 Qf6 18.Be5 g4+ 19.Kh2 Qxf5 20.Qxf5 Nxf5 21.b4 Ng6 22.Bg3 Nge7
23.Bf4 Ng6 24.Bg3 Nge7 25.Bf4 Ng6  1/2-1/2

[Event "RUS-CHN"]
[Site "Moscow CHN"]
[Date "2004.08.14"]
[Round "4"]
[White "Andreikin,D"]
[Black "Shen Yang"]
[Result "1-0"]
[WhiteElo "2449"]
[BlackElo "2263"]

1.c4 c6 2.e4 d5 3.exd5 cxd5 4.d4 Nc6 5.Nc3 Nf6 6.Nf3 e6 7.cxd5 Nxd5 8.Bd3 Be7
9.O-O O-O 10.a3 Nxc3 11.bxc3 Bf6 12.Re1 g6 13.h4 e5 14.dxe5 Bxh4 15.Qd2 Bg4
16.Nxh4 Qxh4 17.Qf4 Qh5 18.f3 Be6 19.Qf6 Rad8 20.Bc2 Rfe8 21.Rb1 Bd5 22.Rxb7 Nxe5
23.Re7 Rxe7 24.Qxe7 Nc6 25.Qf6 Rc8 26.c4 Bxc4 27.Bb2 Qc5+ 28.Kh2 Qh5+ 29.Kg3  1-0

[Event "14th Open"]
[Site "Abu Dhabi UAE"]
[Date "2004.08.16"]
[Round "3"]
[White "Anastasian,A"]
[Black "Sundararajan,K"]
[Result "1-0"]
[WhiteElo "2571"]
[BlackElo "2452"]

1.c4 c6 2.d4 d5 3.Nf3 Nf6 4.Qb3 dxc4 5.Qxc4 Bf5 6.g3 Nbd7 7.Bg2 e6 8.O-O Be7
9.Bg5 O-O 10.Nc3 Ne4 11.Bxe7 Qxe7 12.Rfd1 Nxc3 13.bxc3 Be4 14.Nd2 Bxg2 15.Kxg2 e5
16.a4 Nf6 17.Rab1 exd4 18.cxd4 Rad8 19.e3 Ne4 20.Nxe4 Qxe4+ 21.Kg1 Rd7 22.a5 Rfd8
23.Rdc1 a6 24.Qf1 Qe7 25.Rc5 Rd5 26.Rbc1 g6 27.Qc4 R8d7 28.Qb4 Rxc5 29.Qxc5 Qe4
30.Qa7 Qf5 31.Qb8+ Kg7 32.Qc8 Qe6 33.h4 h5 34.Qb8 Qe7 35.Rc5 Qd6 36.Qxd6 Rxd6
37.Kf1 Kf6 38.Ke2 Rd5 39.Kd3 Rxc5 40.dxc5 Ke5 41.e4 f5 42.f3 fxe4+ 43.fxe4 Ke6
44.Ke2 Kf6 45.Kf2 Ke6 46.Kf3 Ke5 47.Ke3 Ke6 48.Kf4 Kf6 49.g4  1-0

[Event "54th ch-HUN"]
[Site "Budapest HUN"]
[Date "2004.08.22"]
[Round "4"]
[White "Ruck,R"]
[Black "Varga,Zo"]
[Result "1/2-1/2"]
[WhiteElo "2575"]
[BlackElo "2592"]

1.c4 c6 2.d4 d5 3.Nf3 Nf6 4.Nc3 e6 5.Bg5 h6 6.Bxf6 Qxf6 7.e3 a6 8.Rc1 Nd7
9.a3 b5 10.cxd5 cxd5 11.Bd3 Bd6 12.Qe2 Qe7 13.O-O Bb7  1/2-1/2

[Event "Open"]
[Site "Vladimir RUS"]
[Date "2004.08.25"]
[Round "8"]
[White "Sergeev,Ve"]
[Black "Ivanov,Vic"]
[Result "0-1"]
[WhiteElo "2407"]
[BlackElo "2459"]

1.c4 c6 2.Nf3 Nf6 3.d4 d5 4.Nc3 dxc4 5.a4 Bf5 6.e3 e6 7.Bxc4 Bb4 8.O-O Nbd7
9.Qe2 Bg6 10.e4 Bxc3 11.bxc3 Nxe4 12.Ba3 Qc7 13.Rfc1 O-O-O 14.a5 Rhe8 15.Nh4 Nd6
16.Nxg6 hxg6 17.Bxd6 Qxd6 18.Rcb1 Re7 19.Rb3 Kc7 20.Qb2 Rb8 21.Rb1 b6 22.axb6+ axb6
23.Qa2 Ree8 24.Ra3 Rb7 25.h3 Reb8 26.Be2 Kd8 27.Bf3 Ke7 28.Ra7 b5 29.Rxb7 Rxb7
30.Qa8 Rb6 31.Qh8 Qa3 32.Qh4+ Nf6 33.Qf4 Qd6 34.Qg5 Ra6 35.Qc1 Ra4 36.Qg5 Rc4
37.Ra1 Rxc3 38.Ra7+ Kf8 39.Ra8+ Ne8 40.Rb8 Qe7 41.Bxc6 Rxc6  0-1

[Event "Paks Cup IM"]
[Site "Paks HUN"]
[Date "2004.08.31"]
[Round "11"]
[White "Papp,T"]
[Black "Macsik,T"]
[Result "1-0"]
[WhiteElo "2171"]
[BlackElo "2294"]

1.c4 c6 2.e4 e5 3.Nf3 d6 4.d4 Bg4 5.Be2 Nd7 6.Be3 Be7 7.O-O Bxf3 8.Bxf3 Bg5
9.Bxg5 Qxg5 10.Nc3 Nh6 11.Be2 Qe7 12.f4 O-O 13.f5 exd4 14.Qxd4 Qe5 15.Rad1 Qa5
16.Kh1 Ne5 17.Qxd6 Rad8 18.Qe7 Rxd1 19.Rxd1 f6 20.h3 Qb6 21.Qa3 Qe3 22.Qb3 Nhf7
23.Qc2 Ng5 24.Qd2 Qg3 25.Bf1 h5 26.c5 h4 27.Ne2 Qf2 28.Qd4 Qxd4 29.Rxd4 Kf7
30.Nc3 Ke7 31.Be2 Rd8 32.Rxd8 Kxd8 33.Kg1 Kc7 34.Kf2 b6 35.cxb6+ axb6 36.Ke3 Ngf7
37.b3 Kd6 38.Kd4 Nd8 39.Bf1 Nb7 40.Ne2 Ke7 41.Nf4 Nd8 42.b4 b5 43.Be2 Nb7
44.Nh5 Kf7 45.g3 hxg3 46.Nxg3 Ke7 47.Nh5 Kf7 48.Nf4 Nd6 49.Ng2 Ke7 50.h4 Kf7
51.h5 Ke7 52.Nf4 Kd7 53.Ne6 Ne8 54.Bd1 Kd6 55.Nxg7 Nxg7 56.h6 Nxf5+ 57.exf5 Nf7
58.h7 Nh8 59.Bh5 Kc7 60.Kc5 Kd7 61.Bd1 Kc7 62.Bb3 Kd7 63.Be6+ Kc7 64.a3  1-0

[Event "It"]
[Site "Pune IND"]
[Date "2004.09.05"]
[Round "3"]
[White "Azmaiparashvili,Z"]
[Black "Sandipan,C"]
[Result "1/2-1/2"]
[WhiteElo "2679"]
[BlackElo "2555"]

1.c4 c6 2.d4 d5 3.Nf3 Nf6 4.e3 Bf5 5.Nc3 e6 6.Nh4 Bg6 7.Nxg6 hxg6 8.Qb3 Qc7
9.Bd2 Nbd7 10.Rc1 dxc4 11.Bxc4 Nb6 12.h3 Nxc4 13.Qxc4 Rd8 14.e4 Qd7 15.Be3 b5
16.Qe2 b4 17.Na4 Nxe4 18.Qc2 Nf6 19.Qxc6 Be7 20.Ke2 Nd5 21.Rc4 Qxc6 22.Rxc6 Rd6
23.Rc8+ Rd8 24.Rc6 Rd6 25.Rc2 O-O 26.Rhc1 Ra6 27.b3 Nc3+ 28.Nxc3 bxc3 29.Rxc3 Rxa2+
30.Kd3 Rb2 31.Rc7 Bd6 32.Rb7 a5 33.Rc2 Rb1 34.Rc6 Bb4 35.Kc2 Rh1 36.Rb5 Rh2
37.Rg5 Rd8 38.Kd3 Rh1 39.Rc1 Rxc1 40.Bxc1 Rb8 41.Bf4 Rb6 42.Kc4 Rc6+ 43.Rc5 Rb6
44.Rc8+ Kh7 45.Be3 Be1 46.Rf8 f6 47.Re8 g5 48.Kc5 Rxb3 49.Rxe6 Rc3+ 50.Kb5 Rb3+
51.Kc5 Rc3+ 52.Kb5 Rb3+ 53.Kc4 Rc3+ 54.Kd5 Rc2 55.Bxg5 Bxf2 56.Bf4 Rc8 57.Bd6 Rc2
58.Re7 Rd2 59.Bc5 Bg3 60.Ke4 Rxg2 61.Ra7 Bb8 62.Rxa5 Re2+ 63.Kf5 Bh2 64.Ra7 Bg1
65.Kf4 Rd2 66.Ke4 Re2+ 67.Kd5 Rd2 68.Ra1 Bf2 69.Ke4 Kg6 70.Kf3 Bxd4 71.Bxd4 Rxd4
72.Ra5 f5 73.Ra7 Kh6 74.Kg3 g6 75.Ra3 Kg5 76.Rb3 f4+ 77.Kf3 Kh4 78.Rb8 Rd3+
79.Kxf4 g5+ 80.Kf5 Rf3+ 81.Kg6  1/2-1/2

[Event "8th WUCC"]
[Site "Instanbul TUR"]
[Date "2004.09.06"]
[Round "2"]
[White "Roos,M GER"]
[Black "Svetushkin,D"]
[Result "0-1"]
[WhiteElo "2384"]
[BlackElo "2546"]

1.c4 c6 2.d4 d5 3.cxd5 cxd5 4.Nc3 Nf6 5.Bf4 Nc6 6.e3 a6 7.Bd3 Bg4 8.f3 Bh5
9.Qb3 Ra7 10.Rc1 e6 11.Nge2 Bg6 12.Bxg6 hxg6 13.Na4 Nh5 14.Nc5 Na5 15.Qd3 Bxc5
16.Rxc5 Nc4 17.Bc7 Qd7 18.g4 Nf6 19.Bb8 Ra8 20.Bf4 g5 21.Bg3 Nxb2 22.Qb3 Nc4
23.Rc7 Qd8 24.Qxb7 O-O 25.Kf2 Nd6 26.Qc6  0-1

[Event "8th WUCC Women"]
[Site "Instanbul TUR"]
[Date "2004.09.06"]
[Round "2"]
[White "Calotescu,A"]
[Black "Chistiakova,T"]
[Result "0-1"]
[WhiteElo "2307"]
[BlackElo "2340"]

1.c4 c6 2.Nf3 d5 3.d4 Nf6 4.e3 Bf5 5.Nc3 e6 6.Nh4 Bg4 7.Qb3 Qc7 8.h3 Bh5
9.g4 Bg6 10.Bg2 Be4 11.cxd5 Bxg2 12.Nxg2 exd5 13.Nf4 Be7 14.Bd2 a5 15.Rc1 Qd7
16.Na4 Ra6 17.f3 b5 18.g5 O-O 19.Nc5 Bxc5 20.gxf6 Bd6 21.fxg7 Re8 22.Nd3 Qf5
23.Kf2 Nd7 24.Qc2 Nf6 25.Nc5 Ne4+ 26.Nxe4 dxe4 27.f4 c5 28.dxc5 Rc6 29.b4 axb4
30.Bxb4 Bxf4 31.exf4 Qxf4+ 32.Ke1 e3 33.Rf1 Qxb4+ 34.Ke2 Rg6 35.Rg1 Qf4 36.Rxg6 hxg6
37.Rf1 Qh2+ 38.Kd3 e2 39.Re1 Qg3+ 40.Kd2 Rd8+ 41.Kxe2 Re8+  0-1

[Event "8th WUCC Women"]
[Site "Instanbul TUR"]
[Date "2004.09.08"]
[Round "5"]
[White "Calotescu,A"]
[Black "Seps,M"]
[Result "1-0"]
[WhiteElo "2307"]
[BlackElo "2095"]

1.c4 c6 2.e4 d5 3.exd5 cxd5 4.cxd5 Nf6 5.Nc3 Nxd5 6.Nf3 e6 7.Bc4 Be7 8.O-O O-O
9.d4 Nc6 10.Re1 Bf6 11.Ne4 h6 12.a3 Nb6 13.Bb5 Bd7 14.Be3 a6 15.Bd3 Nd5 16.Qd2 Nxe3
17.fxe3 Be7 18.Rad1 Qb6 19.Bb1 Rfd8 20.Nc3 Bf6 21.Kh1 Be8 22.b4 g6 23.Qf2 Bg7
24.Nd2 Ne7 25.Nce4 Nd5 26.Rc1 Bb5 27.Nc5 e5 28.e4 Ne7 29.d5 a5 30.a4 Bxa4
31.Nc4 Qxb4 32.Nxa4 Qxa4 33.Nb6 Qb4 34.Nxa8 Rxa8 35.Qc5 Qxc5 36.Rxc5 Nc8
37.d6 Nxd6 38.Rd1 Ra6 39.Bd3 Ra8 40.Rd5 Bf8 41.Rxe5 a4 42.Bb1 b5 43.Red5 Ra6
44.e5 Nc4 45.Rxb5 Na3 46.Rb8 Kg7 47.Ba2 Ra7 48.Rdd8 Rc7 49.h3  1-0

[Event "8th WUCC"]
[Site "Instanbul TUR"]
[Date "2004.09.10"]
[Round "8"]
[White "Sebe Vodislav,R"]
[Black "Battulga,N"]
[Result "1-0"]
[WhiteElo "2346"]
[BlackElo "2180"]

1.c4 c6 2.Nf3 d5 3.e3 Nd7 4.d4 e6 5.Nc3 Bd6 6.Bd3 f5 7.cxd5 cxd5 8.Bd2 a6
9.Qa4 Rb8 10.Ne2 Qe7 11.a3 b5 12.Qb3 Ngf6 13.Bb4 O-O 14.O-O Bb7 15.Nf4 Rfc8
16.Rfc1 Nf8 17.Be2 Ne4 18.Nd3 Nd7 19.Bxd6 Nxd6 20.Qd1 Ba8 21.b4 Nc4 22.Nc5 Nxc5
23.bxc5 Bc6 24.Rcb1 g5 25.Qc2 Be8 26.Bxc4 dxc4 27.Ne5 Qf6 28.Rb2 Rxc5 29.dxc5 Qxe5
30.Rd1 Bc6 31.Rd4 Qxc5 32.Qc3 Bd5 33.Rd1 Kf7 34.Rbd2 b4 35.Qe5 Rd8 36.axb4 Qxb4
37.Qc7+ Qe7 38.Qa5 Rc8 39.Rc1 Qb7 40.f3 Qb5 41.Qc3 Qc5 42.Kh1 Rb8 43.e4 Bc6
44.exf5 exf5 45.h3 Re8 46.Qxc4+ Qxc4 47.Rxc4 Re6 48.Rc5 Kg6 49.Kh2 h6 50.Kg3 Bb5
51.Rcd5 Kg7 52.Rxf5 Re7 53.Rfd5 Re6 54.Rd6 Re7 55.Rb6 Bf1 56.Kf2 Bb5 57.Rdd6 Ra7
58.Rxh6 a5 59.Rbg6+ Kf7 60.Rxg5 Bd3 61.Rhh5 a4 62.Ra5 Re7 63.Rxa4 Kg6 64.g4 Re6
65.Ra3 Ba6 66.Rha5 Bb7 67.Kg3 Re1 68.h4  1-0

[Event "ch-Euro Seniors"]
[Site "Arvier ITA"]
[Date "2004.09.11"]
[Round "2"]
[White "Joksic,S"]
[Black "Wagman,S"]
[Result "0-1"]
[WhiteElo "2340"]
[BlackElo "2139"]

1.c4 c6 2.Nc3 d5 3.d4 Nf6 4.Nf3 dxc4 5.a4 Bf5 6.e3 e6 7.Bxc4 Bb4 8.O-O O-O
9.Qb3 Qe7 10.Nh4 Bg4 11.f3 Bh5 12.g4 Bg6 13.Nxg6 hxg6 14.a5 c5 15.d5 exd5
16.Nxd5 Nxd5 17.Bxd5 a6 18.Qc2 Rd8 19.e4 Nc6 20.Bxc6 bxc6 21.Bf4 Rd7 22.Qe2 Qf6
23.Be3 Rad8 24.Rf2 Rd3 25.Raf1 Rb3 26.Bc1 Rdd3 27.e5 Qe7 28.f4 c4 29.Rf3 Qc5+
30.Kg2 Qd5 31.Kg3 Bxa5 32.h4 Bd2 33.e6 fxe6 34.Bxd2 Rxd2 35.Qe1 Rbxb2 36.R3f2 c3
37.h5 Rxf2 38.Rxf2 Rxf2 39.Qxf2 gxh5 40.gxh5 Qxh5 41.Qc2 Qc5 42.Qd3 c2 43.Qd8+ Qf8
44.Qd2 Qf5 45.Qe3 c5 46.Qd2 c4 47.Qd8+ Kh7 48.Qh4+ Kg6 49.Qh1 Qd3+ 50.Kh4 Qd5
51.Qe1 Kf7  0-1

[Event "FSGM September"]
[Site "Budapest HUN"]
[Date "2004.09.11"]
[Round "8"]
[White "Paschall,W"]
[Black "Erenburg,S"]
[Result "1/2-1/2"]
[WhiteElo "2389"]
[BlackElo "2533"]

1.c4 c6 2.Nf3 d5 3.d4 Nf6 4.Nc3 a6 5.e3 b5 6.b3 Bg4 7.h3 Bxf3 8.Qxf3 e6 9.Bd2 Nbd7
10.Bd3 Be7 11.O-O O-O 12.cxd5 cxd5 13.g4 b4 14.Ne2 Qb6 15.Rac1 g6 16.Qg3 Rfc8
17.f3 Qb7 18.Qh2 Ne8 19.Kh1 Rxc1 20.Rxc1 Rc8 21.Rf1 Rc6 22.h4 Qc7 23.Qxc7 Nxc7
24.g5 h6 25.f4 h5 26.Kg2 Nb6 27.Ng1 a5 28.Nf3 Bd6 29.Kf2 Nc8 30.Ke2 Ne7 31.Rc1 Rxc1
32.Bxc1 Kf8 33.Bd2 Nf5 34.Be1 Ke7 35.Ne5 Bxe5 36.fxe5 Kd7  1/2-1/2

[Event "TCh-SCG 2nd Liga"]
[Site "Sutomore SCG"]
[Date "2004.09.11"]
[Round "2"]
[White "Darmanovic,S"]
[Black "Radivojevic,Mila"]
[Result "1/2-1/2"]
[WhiteElo "2186"]
[BlackElo "2128"]

1.c4 c6 2.Nf3 d5 3.b3 Bf5 4.Bb2 e6 5.g3 h6 6.Bg2 Nf6 7.O-O Be7 8.d3 Nbd7
9.Nbd2 O-O 10.a3 a5 11.Qc2 Bh7 12.Bc3 b5 13.cxb5 cxb5 14.Qb2 Qb6 15.b4 axb4
16.axb4 Qb7 17.Nb3 Rxa1 18.Rxa1 Ra8  1/2-1/2

[Event "TCh-SCG Men"]
[Site "Budva SCG"]
[Date "2004.09.12"]
[Round "5"]
[White "Istratescu,A"]
[Black "Lastin,A"]
[Result "1/2-1/2"]
[WhiteElo "2603"]
[BlackElo "2611"]

1.c4 c6 2.d4 d5 3.Nf3 Nf6 4.e3 Bf5 5.Nc3 e6 6.Nh4 Bg6 7.Qb3 Qc7 8.Nxg6 hxg6
9.Bd2 Nbd7 10.h3 Nb6 11.O-O-O Be7 12.Kb1 O-O 13.g4 dxc4 14.Bxc4 c5 15.dxc5 Qxc5
16.Be2 Rac8 17.Qb5 Ne4 18.Qxc5  1/2-1/2

[Event "ProMoPro Open"]
[Site "Prague CZE"]
[Date "2004.09.12"]
[Round "2"]
[White "Hausner,I"]
[Black "Slovak,Pa"]
[Result "1-0"]
[WhiteElo "2419"]
[BlackElo "2103"]

1.c4 c6 2.Nf3 Nf6 3.Nc3 d5 4.e3 Nbd7 5.d4 e6 6.b3 Bd6 7.Bb2 O-O 8.Bd3 Re8
9.Qc2 h6 10.O-O-O dxc4 11.bxc4 a5 12.Kb1 Qe7 13.Ka1 e5 14.Nd2 b6 15.h3 Ba6
16.g4 Rec8 17.Rhg1 b5 18.g5 hxg5 19.Rxg5 exd4 20.exd4 Bf4 21.Rgg1 bxc4 22.Nxc4 Nd5
23.Rde1 Qd8 24.Qe2 N7f6 25.Ne4 Rab8 26.Qf3 Rb4 27.Ne5 Bxd3 28.Nxd3 Rb6 29.Nxf4 Rxb2
30.Qg3 Rxa2+ 31.Kxa2 Nb4+ 32.Kb1 Ne8 33.Nd6  1-0

[Event "ch-Euro Seniors"]
[Site "Arvier ITA"]
[Date "2004.09.14"]
[Round "5"]
[White "Stepak,Y"]
[Black "Wagman,S"]
[Result "1-0"]
[WhiteElo "2302"]
[BlackElo "2139"]

1.c4 c6 2.Nf3 d5 3.b3 Nf6 4.Bb2 e6 5.g3 Be7 6.Bg2 O-O 7.O-O Nbd7 8.d3 b6
9.Nbd2 Bb7 10.Qc2 c5 11.e3 Rc8 12.Rfe1 Rc7 13.e4 d4 14.e5 Ng4 15.h3 Nh6 16.g4 Kh8
17.Bc1 Ng8 18.Ne4 h6 19.Bf4 Ba8 20.Qd2 Bc6 21.g5 Bxe4 22.Rxe4 h5 23.Qe2 g6
24.Bd2 a5 25.a4 Re8 26.Kh2 Nf8 27.Rg1 Nh7 28.Bh1 Bf8 29.Nh4 Ne7 30.Bf3 Bg7
31.Ng2 Nf5 32.h4 Nf8 33.Bf4 Kg8 34.Kh3 Nd7 35.Ne1 Nf8 36.Bh1 Rd7 37.Nf3 Qb8
38.Re1 Rdd8 39.Bh2 Qc8 40.Nd2 Nd7 41.Qf3 Qc6 42.Qf4 Qc8 43.R4e2 Qb8 44.Qf3 Qc7
45.Nb1 Nb8 46.Na3 Bf8 47.Nb5 Qc8 48.Qa8 Qa6 49.Qe4 Qc8 50.Qf4 Nc6 51.Be4 Nb4
52.Qf3 Rd7 53.Bxf5 exf5 54.e6 fxe6 55.Rxe6 Rxe6 56.Rxe6 Kg7 57.Be5+ Kh7 58.Rxb6 Qe8
59.Bf4 Qe1 60.Kg2 Qb1 61.Rb7 Rxb7 62.Qxb7+ Kg8 63.Nd6 Bxd6 64.Bxd6 Qxd3 65.Qc8+  1-0

[Event "ch-Euro Seniors"]
[Site "Arvier ITA"]
[Date "2004.09.16"]
[Round "7"]
[White "Stepak,Y"]
[Black "Macek,V"]
[Result "1/2-1/2"]
[WhiteElo "2302"]
[BlackElo "2230"]

1.c4 c6 2.Nf3 d5 3.b3 Nf6 4.Bb2 Bg4 5.e3 e6 6.Be2 Nbd7 7.O-O h6 8.d3 Be7
9.Nbd2 O-O 10.Qc2 a5 11.a3 Qb8 12.Rfe1 Rc8 13.e4 Ne8 14.h3 Bh5 15.Ne5 Nxe5
16.Bxh5 Nd7 17.e5 g6 18.Bf3 Bf8 19.Qd1 Bg7 20.Qe2 Nf8 21.Rab1 b5 22.g3 Qb7
23.Bg2 Qd7 24.c5 Qe7 25.Rbc1 Nd7 26.Qe3 Nc7 27.d4 Rf8 28.Qd3 a4 29.b4 h5
30.Nf3 Bh6 31.Rc2 Kg7 32.h4 Rh8 33.Bc1 Bxc1 34.Rcxc1 Kf8 35.Ng5 Ne8 36.Bh3 Ng7
37.Re3 Nf5 38.Bxf5 gxf5 39.Qe2 Ke8 40.Nh3 Qf8 41.Nf4 Qh6 42.Re1 Nf8 43.Qf3 Rd8
44.Kh2 Ng6  1/2-1/2

[Event "ch-Euro Seniors"]
[Site "Arvier ITA"]
[Date "2004.09.17"]
[Round "8"]
[White "Giani,F"]
[Black "Profaizer,G"]
[Result "0-1"]
[WhiteElo "2096"]
[BlackElo "1990"]

1.c4 c6 2.g3 d5 3.cxd5 cxd5 4.Bg2 Nf6 5.Nf3 Nc6 6.d4 Bf5 7.a3 e6 8.Nc3 Be7
9.Qb3 Nd7 10.Bf4 Na5 11.Qd1 O-O 12.O-O Nc4 13.Qc1 Rc8 14.Nd2 Ndb6 15.Nxc4 Nxc4
16.Re1 Qb6 17.b4 Qxd4 18.e4 dxe4 19.Rd1 Qb6 20.Bxe4 Bxe4 21.Nxe4 f5 22.Nc5 Bxc5
23.bxc5 Rxc5 24.Ra2 Qc6 25.Qa1 e5 26.Bg5 Rd5 27.Rc1 Qa4 28.Rac2 b5 29.Be7 Re8
30.Bg5 h6 31.Be3 Red8 32.Qa2 Kh8 33.Kg2 Nxe3+ 34.fxe3 Qe4+ 35.Kf2 f4 36.gxf4 exf4
37.Re1 Rg5 38.exf4 Qxf4+ 39.Ke2 Rg2+  0-1

[Event "2nd Chiuso GM"]
[Site "Rome ITA"]
[Date "2004.09.17"]
[Round "7"]
[White "Corvi,M"]
[Black "Collutiis,D"]
[Result "0-1"]
[WhiteElo "2323"]
[BlackElo "2387"]

1.c4 c6 2.Nf3 Nf6 3.b3 d5 4.Bb2 Bg4 5.e3 Nbd7 6.Be2 e6 7.d3 h6 8.Nbd2 Be7
9.O-O O-O 10.Ne5 Nxe5 11.Bxe5 Bxe2 12.Qxe2 Nd7 13.Bg3 Qa5 14.a3 b5 15.e4 Rfe8
16.Rfc1 dxc4 17.dxc4 b4 18.axb4 Qxb4 19.Bc7 Qb7 20.Ba5 e5 21.Rcb1 Bc5 22.b4 Bd4
23.Ra3 Nf8 24.c5 Ne6 25.Rf3 Qd7 26.Nc4 Nf4 27.Qf1 Re6 28.Rd1 g5 29.g3 g4
30.Rxf4 exf4 31.Qd3 Qe7 32.Qxd4 Rxe4 33.Qd3 Re8 34.Nd6 Rd4 35.Nf5 Qe1+ 36.Rxe1 Rxe1+
37.Kg2 Rxd3 38.Nxh6+ Kg7 39.Nxg4 f5 40.b5 f3+ 41.Kh3 Re8 42.Kh4 Kg6  0-1

[Event "Tch-FIN 2004-5"]
[Site "Finland FIN"]
[Date "2004.09.19"]
[Round "2"]
[White "Ristoja,J"]
[Black "Nivala,T"]
[Result "1/2-1/2"]
[WhiteElo "2341"]
[BlackElo "2210"]

1.c4 c6 2.Nf3 d5 3.e3 Nf6 4.b3 Bg4 5.Bb2 e6 6.Be2 Bd6 7.O-O Nbd7 8.cxd5 exd5
9.d3 O-O 10.Nbd2 Qc7 11.h3 Bh5 12.Rc1 Ne5 13.Nxe5 Bxe2 14.Qxe2 Bxe5 15.Bxe5  1/2-1/2

[Event "Open"]
[Site "Bucharest ROM"]
[Date "2004.09.25"]
[Round "7"]
[White "Ardelean,G"]
[Black "Murariu,A"]
[Result "1/2-1/2"]
[WhiteElo "2465"]
[BlackElo "2381"]

1.c4 c6 2.e4 d5 3.exd5 Nf6 4.d4 cxd5 5.Nc3 Nc6 6.Bg5 Be6 7.a3 Qd7 8.Rc1 O-O-O
9.c5 Ne4 10.Be3 Bf5 11.Nf3 f6 12.b4 Nxc3 13.Rxc3 g5 14.Be2 Qc7 15.Qc1 a6
16.b5 axb5 17.Bxb5  1/2-1/2

[Event "IMB Classic"]
[Site "Gausdal NOR"]
[Date "2004.09.25"]
[Round "4"]
[White "Leer Salvesen,B"]
[Black "Pedersen,Stef"]
[Result "1/2-1/2"]
[WhiteElo "2375"]
[BlackElo "2441"]

1.c4 c6 2.Nf3 d5 3.cxd5 cxd5 4.d4 Nf6 5.Nc3 Nc6 6.Bf4 a6 7.Rc1 e6 8.e3 Be7
9.Bd3 Bd7 10.O-O Nh5 11.Bg3 Nxg3 12.hxg3 f5 13.g4 fxg4 14.Nd2 h5 15.Bg6+ Kf8
16.f4 Rh6 17.f5 Kg8 18.Bf7+ Kxf7 19.fxe6+ Kg8 20.exd7 Qxd7 21.Qb3 Rd8 22.e4 Nxd4
23.Qxd5+ Qxd5 24.exd5 Nb5 25.Nde4 Nxc3 26.Nxc3 Rf6 27.Rfe1 Bc5+ 28.Kh1 Rf5
29.Re4 Rd7 30.Rd1 Be7 31.d6 Rxd6 32.Rxe7 Rxd1+ 33.Nxd1 Rf1+ 34.Kh2 Rxd1 35.Rxb7 Rd2
36.Rb6 Kh7 37.a4 h4 38.Rb4 h3 39.Rxg4 hxg2 40.b4 Ra2 41.b5 axb5 42.axb5 Rb2
43.Rxg2  1/2-1/2

[Event "IMA Classic"]
[Site "Gausdal NOR"]
[Date "2004.09.25"]
[Round "4"]
[White "Saevareid,O"]
[Black "Moskow,E"]
[Result "1/2-1/2"]
[WhiteElo "2188"]
[BlackElo "2200"]

1.c4 c6 2.g3 d5 3.Bg2 Nf6 4.Nf3 g6 5.b3 Bg7 6.Bb2 O-O 7.O-O Bg4 8.d3 Nbd7
9.Nbd2 Re8 10.h3 Bxf3 11.Nxf3 e5 12.cxd5 cxd5 13.Nd2 Rc8 14.Rc1 Bh6 15.Rxc8 Qxc8
16.e3 Qb8 17.Qe2 Rc8 18.Nf3 Bf8 19.Rc1 Rxc1+ 20.Bxc1 Qc7 21.Bb2 Bd6 22.Qd2 b5
23.Qc3 Qxc3 24.Bxc3 Kf8 25.Kf1 Ke7 26.Ke2 h6  1/2-1/2

[Event "TCh-BEL 2004-5"]
[Site "Belgium BEL"]
[Date "2004.09.26"]
[Round "2"]
[White "Motwani,P"]
[Black "Krivoshey,S"]
[Result "1/2-1/2"]
[WhiteElo "2543"]
[BlackElo "2487"]

1.c4 c6 2.Nf3 d5 3.g3 dxc4 4.Bg2 Nf6 5.O-O b5 6.a4 Bb7 7.b3 cxb3 8.Qxb3 e6
9.axb5 cxb5 10.Qxb5+ Bc6 11.Qc4 Be7 12.Nc3 O-O 13.d3 Nd5 14.Bb2 Nb6 15.Qg4 Bf6
16.h4 N8d7 17.Rfc1 Qb8 18.Qh5 h6  1/2-1/2

[Event "TCh-Vojvodina"]
[Site "Sombor SCG"]
[Date "2004.09.26"]
[Round "3"]
[White "Laketic,G"]
[Black "Bodiroga,P"]
[Result "1-0"]
[WhiteElo "2403"]
[BlackElo "2394"]

1.c4 c6 2.d4 d5 3.cxd5 cxd5 4.Nc3 Nc6 5.Bf4 Nf6 6.e3 a6 7.Bd3 Bg4 8.f3 Bh5
9.g4 Bg6 10.Nge2 e6 11.h4 Nb4 12.Bb1 Bxb1 13.Rxb1 Bd6 14.h5 h6 15.Kf2 Nc6
16.Qd2 Bxf4 17.exf4 Qd6 18.Na4 Nd7 19.Rbc1 f6 20.Nc5 Nxc5 21.Rxc5 O-O 22.Rhc1 f5
23.Kg2 fxg4 24.fxg4 Rf7 25.R5c3 Qd7 26.Rg3 e5 27.dxe5 d4 28.Kh3 Qd5 29.a3 Nxe5
30.fxe5 Qxe5 31.Qd3 Rf2 32.Nxd4 Kh8 33.Qe3 Qf6 34.b4 Rf4 35.Ne6 Rf2  1-0

[Event "1st Central League"]
[Site "Vrnjacka Banja SCG"]
[Date "2004.09.26"]
[Round "3"]
[White "Jovic,Sta"]
[Black "Milutinovic,Z"]
[Result "1-0"]
[WhiteElo "2312"]
[BlackElo "2163"]

1.c4 c6 2.e4 d5 3.exd5 cxd5 4.d4 Nf6 5.Nc3 e6 6.c5 Be7 7.Nf3 O-O 8.Bf4 Nc6
9.Bd3 Nd7 10.O-O Bf6 11.Bb5 Ndb8 12.Re1 Bd7 13.Rb1 Qa5 14.a3 a6 15.Bf1 Ne7
16.b4 Qd8 17.a4 Nf5 18.Ne5 Nc6 19.Nxc6 Bxc6 20.g4 Nh4 21.Bg3 Ng6 22.b5 axb5
23.axb5 Bd7 24.c6 bxc6 25.b6 e5 26.b7 Rb8 27.dxe5 Bh4 28.Qd4 Bxg3 29.hxg3 Qc7
30.Ba6 Rfe8 31.f4 Bxg4 32.Ra1 Qd7 33.Na4 Bh3 34.Nc5 Qg4 35.Kf2 Nf8 36.Be2 Qf5  1-0

[Event "Premier League"]
[Site "Belgrade SCG"]
[Date "2004.09.27"]
[Round "3"]
[White "Mijatovic,D"]
[Black "Dimitrijevic,A"]
[Result "1/2-1/2"]
[WhiteElo "2277"]
[BlackElo "2292"]

1.c4 c6 2.d4 d5 3.Nf3 Nf6 4.e3 g6 5.Bd3 Bg7 6.O-O O-O 7.Qc2 Na6 8.a3 c5 9.cxd5 cxd4
10.exd4 Nc7 11.Bf4 Ncxd5 12.Be5 Bg4 13.Nbd2 Qb6 14.h3 Bxf3 15.Nxf3 Rac8 16.Qd2 Rc6
17.Rfc1 Rfc8 18.Rxc6 Qxc6 19.Qd1 Bh6 20.Qb3 Bc1 21.Bxf6 exf6 22.Be4 Rd8 23.Ne1 Re8
24.Nd3 Rxe4 25.Rxc1 Qd6 26.Qxb7 Rxd4 27.Qc8+ Kg7 28.Qc5 Qxc5 29.Nxc5 Rd2
30.b3 Nf4 31.Rc4 Nd3 32.Nxd3 Rxd3 33.Rb4 a5 34.Rb7 a4 35.bxa4 Rxa3 36.Ra7 h5
37.a5 g5 38.Kh2 Ra2 39.f3 h4 40.a6 Kg6 41.Ra8 Kf5 42.Ra7 Kf4 43.Rxf7 Rxa6
44.Re7 Ra1  1/2-1/2

[Event "IMA Classic"]
[Site "Gausdal NOR"]
[Date "2004.09.27"]
[Round "6"]
[White "Saevareid,O"]
[Black "Hole,O"]
[Result "0-1"]
[WhiteElo "2188"]
[BlackElo "2332"]

1.c4 c6 2.g3 d5 3.Bg2 Nf6 4.Nf3 dxc4 5.Qc2 b5 6.b3 cxb3 7.axb3 Bb7 8.Ba3 g6
9.O-O Bg7 10.d4 O-O 11.Nbd2 a5 12.e4 Na6 13.e5 Nd5 14.Ne4 Qc7 15.Rfe1 Rfd8
16.Nc5 Nxc5 17.Bxc5 Bc8 18.e6 Bxe6 19.Rxe6 fxe6 20.Ng5 e5 21.Ne6 Qd7 22.Nxd8 Qxd8
23.dxe5 Qd7 24.f4 e6 25.h4 Bf8 26.Bxf8 Kxf8 27.Qc5+ Kf7 28.Be4 Qa7 29.Rc1 Qxc5+
30.Rxc5 Ra6  0-1

[Event "TCh-Vojvodina"]
[Site "Sombor SCG"]
[Date "2004.09.27"]
[Round "4"]
[White "Munizaba,S"]
[Black "Vukic,R"]
[Result "1/2-1/2"]
[WhiteElo "2314"]
[BlackElo "2300"]

1.c4 c6 2.Nf3 Nf6 3.Nc3 d6 4.d4 Nbd7 5.e4 e5 6.Be2 g6 7.O-O Bg7 8.Qc2 O-O
9.Rd1 Qc7 10.Rb1 a6 11.b4 b5 12.c5 exd4 13.cxd6 Qxd6 14.Nxd4 Qc7 15.Nd5 Nxd5
16.exd5 c5 17.bxc5 Qxc5 18.Qxc5 Nxc5 19.Ba3 Bxd4 20.Rxd4 Re8 21.Bf3 Bf5 22.Rbd1 Nd3
23.d6 Rad8 24.Bc6 Re1+ 25.Rxe1 Nxe1 26.Be4 Nc2 27.Bxc2 Bxc2 28.g4 Rd7 29.Bb4 f6
30.Ba5 Bb1 31.a3 Kf7 32.Bc7 Ke6 33.f3 g5 34.Kf2 f5 35.Rd1 Bc2 36.Re1+ Kf6
37.Re8 fxg4 38.fxg4 a5 39.Re7 Rxe7 40.dxe7 Kxe7  1/2-1/2